000 00670 a2200205 4500
001 61194
005 20260407155903.0
008 260407a1982 arg spa d
003 AR-UNSa-BCEJYS
040 _aAR-UNSa-BCEJYS
_bspa
_cAR-UNSa-BCEJYS
080 _a342.9
_xDerecho Administrativo
245 1 0 _aReflexiones sobre una reconstrucción de los límites formales del derecho administrativo español
020 _a978-84-7351-156-8
264 1 _aMadrid :
_bInstituto Nacional de Administración Pública (INAP)
_c1982
300 _a62 p.
_c21 cm.
041 _aspa
942 _cBK
590 _aniveau_biblio:m niveau_hierar:0
100 1 _aGarrido Falla, Fernando
999 _c7258
_d7258